00438nam a2200109Ia 4500008004100000050002900041100003200070245008400102260008600186300002900272521002700301140724s9999 xx 000 0 und d aQA 76.76.W56b.B213 2013 aBancaso, Diane Jedirique E. aReservation system of Le Linds Catering Services /cDiane Jedirique E. Bancaso. aLas Piñas, Philippines :bSouthville International School and Colleges,cc2013. a145 p. :bill. ;c28 cm. aInformation Technology